000 00564nam a2200193Ia 4500
008 131103s9999 xx 000 0 und d
040 _aLoreto College
041 _aEnglish
082 _aREF/3
_bLCBED/2935
100 _aRivers-smith, S.
245 _aProgress and conquest
_b book II, the soil and the plants
_cS.Rivers-smith & W.K.Spencer
260 _aLondon
_bOxford University Press
_c1957
300 _a96p.
_c 18cm.
440 _aSimple science in simple english
650 _aREF
700 _aSpencer, W.K.
850 _aLCBED/REF/3
942 _cBK
999 _c33647
_d84126